Ethics 4 everyone: the handbook for integrity-based business practices (Record no. 494941)

000 -LEADER
fixed length control field 00441cam a22001457a 4500
008 - FIXED-LENGTH DATA ELEMENTS--GENERAL INFORMATION
fixed length control field 180718b2002 xxu||||| |||| 00| 0 eng d
020 ## - INTERNATIONAL STANDARD BOOK NUMBER
International Standard Book Number 1885228473
082 ## - DEWEY DECIMAL CLASSIFICATION NUMBER
Classification number T33 H262
100 ## - MAIN ENTRY--PERSONAL NAME
Personal name Harvey, Eric
245 ## - TITLE STATEMENT
Title Ethics 4 everyone: the handbook for integrity-based business practices
Statement of responsibility, etc. by Eric Harvey and Scott Airitam
260 ## - PUBLICATION, DISTRIBUTION, ETC.
Place of publication, distribution, etc. Dallas
Name of publisher, distributor, etc. Walk The Talk
Date of publication, distribution, etc. 2002
300 ## - PHYSICAL DESCRIPTION
Extent 45p.
650 ## - SUBJECT ADDED ENTRY--TOPICAL TERM
Topical term or geographic name entry element Business --Ethics
700 ## - ADDED ENTRY--PERSONAL NAME
Personal name Airitam, Scott
Holdings
Withdrawn status Lost status Damaged status Not for loan Permanent Location Current Location Date acquired Full call number Barcode Date last seen Price effective from Koha item type
        Indian Institute of Public Administration Indian Institute of Public Administration 2018-08-04 T33 H262 GR18306 2018-08-04 2018-08-04 GR

Powered by Koha